All TNA Lethal Lockdown Match Participants - Statistics

General Stats
  • This quiz has been taken 127 times
    103 since last reset
  • The average score is 38 of 68
Answer Stats
Matches Wrestler % Correct
6 AJ Styles
97%
4 Abyss
93%
4 Kurt Angle
91%
5 Jeff Jarrett
90%
4 Bully Ray
88%
2 Jeff Hardy
88%
1 Matt Hardy
88%
5 Samoa Joe
88%
5 Sting
88%
6 Bobby Roode
85%
7 James Storm
85%
3 Devon
84%
3 Christopher Daniels
81%
2 Eric Young
78%
4 Scott Steiner
78%
3 Kazarian
75%
2 Kevin Nash
75%
2 Christian Cage
73%
2 Booker T
72%
1 Ric Flair
72%
2 Rob Van Dam
72%
4 Rhino
69%
2 Bobby Lashley
67%
2 Davey Richards
67%
2 Eddie Edwards
67%
1 Low Ki
67%
2 Matt Morgan
67%
1 Stevie Richards
66%
2 Mr. Anderson
64%
2 Tomko
64%
3 Magnus
63%
2 MVP
63%
1 Chris Harris
61%
1 Eric Bischoff
60%
2 Garett Bischoff
60%
1 Kip James
60%
1 Raven
60%
3 Austin Aries
58%
1 BG James
58%
1 Monty Brown
55%
1 Ron Killings
52%
1 Ethan Carter III
51%
1 Tommy Dreamer
51%
1 Sabu
49%
1 Doug Williams
48%
2 Gunner
46%
1 Desmond Wolfe
45%
1 Knux
43%
1 DOC
40%
2 Drew Galloway
39%
2 Robbie E
39%
1 Velvet Sky
34%
1 Diamond Dallas Page
33%
2 Gail Kim
33%
1 Kenny King
33%
2 Jessie Godderz
31%
1 Moose
31%
1 Sean Waltman
31%
1 Brian Myers
21%
1 Bram
19%
1 Jade
18%
1 Sonjay Dutt
18%
2 Maria Kanellis-Bennett
16%
1 Mike Bennett
16%
1 Chris Mordetzky
15%
1 Marti Belle
13%
1 Rebel
13%
1 Aron Rex
9%
No matching quizzes found
Score Distribution
Percent of People with Each Score
Percentile by Number Answered
Your Score History
You have not taken this quiz since the last reset